| 000 | 00751nam a22002177a 4500 | ||
|---|---|---|---|
| 999 |
_c15263 _d15263 |
||
| 003 | OSt | ||
| 082 | _2631.75807 GOV/DE | ||
| 088 | _aP 28 | ||
| 100 |
_aGOVINDAN S _93919 |
||
| 245 | _aDesign, fabrication and testing of a low cost green house | ||
| 260 |
_aTavanur 1993 _bDepartment of Land Water Resources and Conservation Engineering |
||
| 300 | _a69 | ||
| 500 | _aDesign, fabrication and testing of a low cost green house | ||
| 520 | _aDesign, fabrication and testing of a low cost green house | ||
| 700 |
_aJenet P. V _93920 |
||
| 700 |
_aJissy K. Jacob _93921 |
||
| 700 |
_aManoj Kumar T. S _93922 |
||
| 700 |
_aDr. Jobi V. Paul (Guide) _93905 |
||
| 856 | _uhttps://drive.google.com/open?id=1A7OxAwmgds5-Y6u0R8VjtR25PcyfvKF9 | ||
| 942 | _cPR | ||